banner koha

Physiological maturity of Solanum sisymbriifolium seeds (Registro n. 340441)

MARC details
000 -LÍDER
fixed length control field 04322nab a2200337 i 4500
003 - CÓDIGO MARC DA AGÊNCIA CATALOGADORA
Campo de controle BR-BrBNA
005 - DATA E HORA DA ÚLTIMA ATUALIZAÇÃO
Campo de controle 20260318162427.0
008 - CAMPO DE TAMANHO FIXO
fixed length control field 260318b2018 bl.qr|pooa||| 00| 0 eng |
040 ## - FONTE DA CATALOGAÇÃO
Agência catalogadora BR-BrBNA
Idioma da catalogação eng
072 ## - CATEGORIA AGRIS
Código AGRIS F03
Código do objeto 2790
072 ## - CATEGORIA AGRIS
Código AGRIS F01
100 ## - ENTRADA PRINCIPAL - NOME PESSOAL
Nome pessoal Arantes, Cárita Rodrigues de Aquino
100 ## - ENTRADA PRINCIPAL - NOME PESSOAL
Nome pessoal Santos, Thiago da Silva
100 ## - ENTRADA PRINCIPAL - NOME PESSOAL
Nome pessoal Camili, Elisangela Clarete
100 ## - ENTRADA PRINCIPAL - NOME PESSOAL
Nome pessoal Correa, Amanda Ribeiro
100 ## - ENTRADA PRINCIPAL - NOME PESSOAL
Nome pessoal Coelho, Maria de Fátima Barbosa
245 ## - TÍTULO PRINCIPAL
Título principal Physiological maturity of Solanum sisymbriifolium seeds
500 ## - NOTA GERAL
Nota geral <br/><br/>Publicação online; 31 ref.; 5 tables; Summaries (En, Pt)
942 ## - ADDED ENTRY ELEMENTS (KOHA)
Koha item type Analítica
520 ## - NOTA DE RESUMO
Nota de conteúdo <br/><br/><br/>ABSTRACT: The objective of this work was to evaluate the physical and physiological quality of juá seeds (Solanum sisymbriifolium Lam.), in five maturation stages, treated with three concentrations of GA3 and submitted to the cold test. The biometric characteristics of the fruits, thousand mass and water content of the seeds, standard test and mean germination time, percentage and mean time of normal seedling formation were determined. The fruit biometry was analyzed using estimated parameters using descriptive statistics. For the other variables, a completely randomized experimental design was used in a 5 x 2 x 3 triple factorial scheme, with five maturation stages: stage 1 (green fruits), stage (2 light green fruits), stage 3 (yellow fruits), stage 4 orange fruits), and stage 5 (red-carmine fruits); seeds submitted or not to the cold test and; three concentrations of gibberellic acid (GA3), 0% (water), 0.025% (250 mg L-1) and 0.050% (500 mg L-1), with four replicates of 25 seeds each treatment. The analysis of variance showed interaction between the maturation stage of the fruits and the doses of GA3, where the maturation stages 3, 4 and 5, together with the solutions of GA3, favored the germination of the seeds. The formation of normal seedlings was higher from seeds obtained from fruits at the maturation stage 5. <br/><br/><br/><br/>Key words: gibberellic acid; juá; overcoming dormancy; physiological quality; vigor
520 ## - NOTA DE RESUMO
Nota de conteúdo <br/><br/><br/>RESUMO: O objetivo neste trabalho foi avaliar a qualidade física e fisiológica de sementes de juá (Solanum sisymbriifolium Lam.), em cinco estádios de maturação, tratadas com três concentrações de GA3 e submetidas ao teste de frio. Foram determinadas as características biométricas dos frutos, a massa de mil e o teor de água das sementes, assim como os testes de: porcentagem de sementes germinadas e tempo médio de germinação, germinação (formação de plântulas normais), porcentagem e tempo médio de formação de plântulas normais. A biometria dos frutos foi analisada por meio de parâmetros estimados utilizando estatística descritiva. Para as demais variáveis foi utilizado delineamento experimental inteiramente casualizado em esquema fatorial triplo 5 x 2 x 3, sendo cinco estádios de maturação dos frutos: estádio 1 (frutos verdes), estádio (2 frutos verde-claros), estádio 3 (frutos amarelos), estádio 4 (frutos alaranjados) e, estádio 5 (frutos vermelho-carmim); sementes submetidas ou não ao teste de frio e; três concentrações de ácido giberélico (GA3), 0% (água), 0,025% (250 mg L-1) e 0,050% (500 mg L-1), com quatro repetições de 25 sementes cada tratamento. A análise de variância mostrou interação entre o estádio de maturação dos frutos e as doses de GA3, em que, os estádios de maturação 3, 4 e 5, em conjunto com as soluções de GA3, favoreceram a germinação das sementes. A formação de plântulas normais foi maior a partir de sementes obtidas de frutos no estádio de maturação 5. <br/><br/><br/><br/>Palavras-chave: ácido giberélico; juá; superação de dormência; qualidade fisiológica; vigor
650 ## - ASSUNTO - THESAGRO
Cabeçalho tópico ou nome geográfico JUÁ
650 ## - ASSUNTO - THESAGRO
Cabeçalho tópico ou nome geográfico SEMENTE
650 ## - ASSUNTO - THESAGRO
Cabeçalho tópico ou nome geográfico GERMINAÇÃO
650 ## - ASSUNTO - THESAGRO
Cabeçalho tópico ou nome geográfico VIGOR
650 ## - ASSUNTO - THESAGRO
Cabeçalho tópico ou nome geográfico ÁCIDO GIBERÉLICO
650 ## - ASSUNTO - THESAGRO
Cabeçalho tópico ou nome geográfico REGULADOR DE CRESCIMENTO
773 0# - ENTRADA ANALÍTICA
Host Biblionumber 4656
Registro do item 360705
Imprenta Recife-PE Universidade Federal Rural de Pernambuco 2006
Outro identificador 2026-1087
Título Revista Brasileira de Ciências Agrárias (Brazil)
ISSN 1981-1160
Colação v. 13(4) p. 1-6; (2018)
Número de controle de registro BR2025005708
856 ## - ACESSO E ENDEREÇO ELETRÔNICO
Identificador uniforme de recurso - URI http://www.agraria.pro.br/ojs32/index.php/RBCA/article/view/v13i4a5574/272

Nenhum exemplar disponível.

BINAGRI

Telefone: (61)3218-2567/2388/3357/2097 - binagri@agro.gov.br

Ministério da Agricultura e Pecuária , Esplanada dos Ministérios, Bloco D, Anexo B, Brasília/DF, CEP: 70.043-900